000 00480nam a2200181Ia 4500
008 151018s9999 xx 000 0 und d
082 _bRBASDV26048
_a891.463
100 _aहेमन कर्णिक
245 _aथंडर
250 _b1
260 _bशांती
_c1995
300 _a192
600 _aहेमन कर्णिक
630 _aथंडर
700 _aहेमन कर्णिक
730 _aथंडर
942 _cBOOK
999 _c1025656
_d1025653